[Event "Scottish International Open"]
[Site "Edinburgh, Scotland"]
[Date "2015.07.17"]
[Round "7"]
[White "Morriss, Pete"]
[Black "Arakhamia Grant, Ketevan"]
[Result "0-1"]
[WhiteElo "2075"]
[BlackElo "2374"]
[PlyCount "86"]
[EventDate "2015.??.??"]
[WhiteClock "0:21:05"]
[BlackClock "0:24:59"]

1. b4 e5 2. Bb2 d6 3. c4 Nf6 4. e3 g6 5. d4 Nbd7 6. Nf3 Bg7 7. Be2 O-O 8. Nc3
a5 9. b5 b6 10. a4 Bb7 11. O-O Re8 12. Qc2 exd4 13. Nxd4 Nc5 14. Bf3 Bxf3 15.
Nxf3 Qd7 16. Rfd1 Qg4 17. Ne2 Re4 18. Nfd4 Qh4 19. Ng3 Ree8 20. Nf3 Qh6 21. h3
Nfd7 22. Bxg7 Qxg7 23. Ne2 f5 24. Nf4 Nf6 25. Nd4 Re4 26. Rac1 Rae8 27. Nd3
Ncd7 28. Nf4 Qf7 29. Nde2 Nc5 30. Nd3 Ncd7 31. Ndf4 R4e5 32. Nd3 R5e7 33. Ndf4
Nc5 34. Nd4 Rf8 35. Nc6 Ree8 36. Nd5 Nxd5 37. Rxd5 f4 38. exf4 Qxf4 39. Rd4 Qf5
40. Qxf5 Rxf5 41. f4 Nb3 42. Rf1 Nxd4 43. Nxd4 Rc5 0-1

[Event "Scottish International Open"]
[Site "Edinburgh, Scotland"]
[Date "2015.07.17"]
[Round "7"]
[White "Birkett, Richard"]
[Black "Pritchett, Craig William"]
[Result "0-1"]
[WhiteElo "2058"]
[BlackElo "2324"]
[PlyCount "170"]
[EventDate "2015.??.??"]
[WhiteClock "0:00:48"]
[BlackClock "0:02:23"]

1. e4 c5 2. Nf3 e6 3. d4 cxd4 4. Qxd4 Nc6 5. Qd1 Nf6 6. Bd3 a6 7. O-O Qc7 8.
Qe2 d6 9. c3 Be7 10. Nbd2 O-O 11. Re1 b5 12. Nb3 e5 13. h3 Nd7 14. Bg5 Nb6 15.
Rad1 Be6 16. Bxe7 Qxe7 17. Qe3 Rab8 18. Qc1 h6 19. Nbd2 Rfc8 20. b3 Nb4 21. Bb1
a5 22. Qa3 Nc6 23. Nf1 b4 24. cxb4 axb4 25. Qb2 Rd8 26. Ne3 Qb7 27. Rd2 Na7 28.
Bd3 Nd7 29. Bc4 Nc5 30. Nd5 Kf8 31. Re3 Nc6 32. Re1 Na5 33. Qc2 Rbc8 34. Qd1
Na4 35. Rc2 Nxc4 36. Rxc4 Bxd5 37. Rxc8 Qxc8 38. Qxd5 Nc3 39. Qa5 Qb8 40. a3
Rd7 41. Qxb4 Qxb4 42. axb4 Rb7 43. Re3 Na2 44. Nd2 Ke7 45. Kf1 Rxb4 46. Ke2 Ke6
47. Kd3 g6 48. Kc2 Rb7 49. Kb2 Nb4 50. Nc4 Ra7 51. Kc3 Na2+ 52. Kb2 Nb4 53. Kc3
Na2+ 54. Kb2 Ra6 55. Rf3 Nb4 56. Ne3 Ra2+ 57. Kc3 Nc6 58. Nd5 f5 59. Nc7+ Kd7
60. exf5 gxf5 61. Nb5 Ra5 62. Nxd6 Kxd6 63. Rxf5 Ra2 64. Kc4 Rc2+ 65. Kd3 Rb2
66. Rf6+ Kd5 67. Kc3 Ra2 68. b4 Nd4 69. Rxh6 Rxf2 70. g4 Rc2+ 71. Kd3 e4+ 72.
Ke3 Re2+ 73. Kf4 Rf2+ 74. Kg3 Rf3+ 75. Kg2 e3 76. Ra6 Rf2+ 77. Kg3 Rb2 78. Ra3
Ke4 79. Ra8 Rxb4 80. Re8+ Kd3 81. g5 Nf5+ 82. Kf3 e2 83. g6 Nh4+ 84. Kf2 Rf4+
85. Kg3 Nxg6 0-1

[Event "Scottish International Open"]
[Site "Edinburgh, Scotland"]
[Date "2015.07.17"]
[Round "7"]
[White "Green, Andrew D"]
[Black "Grant, Jonathan I M"]
[Result "1/2-1/2"]
[WhiteElo "2173"]
[BlackElo "2211"]
[PlyCount "98"]
[EventDate "2015.??.??"]
[WhiteClock "0:19:35"]
[BlackClock "0:16:09"]

1. d4 Nf6 2. c4 e6 3. Nc3 Bb4 4. Qc2 d5 5. cxd5 exd5 6. Bg5 h6 7. Bh4 c5 8.
dxc5 O-O 9. e3 Be6 10. Bd3 Nc6 11. Nge2 d4 12. exd4 Nxd4 13. Nxd4 Qxd4 14. Bxf6
Qxf6 15. O-O Bxc3 16. bxc3 Rac8 17. Bh7+ Kh8 18. Be4 Rxc5 19. Bxb7 Rb8 20. Rfb1
Rxc3 21. Qa4 Qe5 22. Bf3 Rxb1+ 23. Rxb1 Bf5 24. Rd1 Bc2 25. Qd4 Qxd4 26. Rxd4
Bf5 27. h4 Ra3 28. Bd5 Kg8 29. Rb4 Be6 30. Rb8+ Kh7 31. Bxe6 fxe6 32. Re8 Rxa2
33. Rxe6 h5 34. g3 Kg8 35. Re5 g6 36. Re7 Kf8 37. Rb7 a5 38. Ra7 a4 39. Kg2 a3
40. Kf3 Kg8 41. Kf4 Rxf2+ 42. Kg5 Rf7 43. Rxa3 Kh7 44. Ra5 Kg7 45. g4 hxg4 46.
Kxg4 Kh6 47. h5 Rf5 48. Rxf5 gxf5+ 49. Kxf5 Kxh5 1/2-1/2

[Event "Scottish International Open"]
[Site "Edinburgh, Scotland"]
[Date "2015.07.17"]
[Round "7"]
[White "Kafka, Graeme"]
[Black "Lapidus, Mark"]
[Result "1/2-1/2"]
[WhiteElo "2042"]
[BlackElo "2202"]
[PlyCount "114"]
[EventDate "2015.??.??"]
[WhiteClock "0:12:46"]
[BlackClock "0:57:43"]

1. e4 c6 2. d4 d5 3. e5 Bf5 4. Nf3 e6 5. Be2 Nd7 6. O-O c5 7. c3 a6 8. Be3 h6
9. dxc5 Bxc5 10. Bxc5 Nxc5 11. Nd4 Bh7 12. Nd2 Ne7 13. f4 O-O 14. N2b3 Ne4 15.
Nd2 Qb6 16. Qb3 Qc7 17. Rad1 Nc6 18. Nxe4 dxe4 19. Kh1 Ne7 20. Nxe6 fxe6 21.
Qxe6+ Kh8 22. Rd7 Bf5 23. Rxc7 Bxe6 24. Rxe7 Bd5 25. Rd7 Bc6 26. Rd6 a5 27. Kg1
Rfd8 28. Rxd8+ Rxd8 29. Rd1 Rf8 30. g3 g5 31. e6 gxf4 32. gxf4 Kg7 33. Bc4 Rxf4
34. Rd4 Kf6 35. Bd5 Bxd5 36. Rxd5 Kxe6 37. c4 e3 38. Rd3 Rf3 39. Kg2 Rf2+ 40.
Kg3 Rxb2 41. Rxe3+ Kf5 42. Ra3 b6 43. c5 bxc5 44. Rxa5 Rc2 45. Ra6 h5 46. a4
Kg5 47. h4+ Kf5 48. Rc6 Rc3+ 49. Kf2 Kg4 50. a5 Rc2+ 51. Ke3 c4 52. a6 Kxh4 53.
a7 Ra2 54. Rxc4+ Kg3 55. Rc7 h4 56. Rg7+ Kh2 57. Kd4 h3 1/2-1/2

[Event "Scottish International Open"]
[Site "Edinburgh, Scotland"]
[Date "2015.07.17"]
[Round "7"]
[White "O`Neil, Jim"]
[Black "Edwards, Jonathan"]
[Result "0-1"]
[WhiteElo "1967"]
[BlackElo "2182"]
[PlyCount "76"]
[EventDate "2015.??.??"]
[WhiteClock "0:08:07"]
[BlackClock "0:02:54"]

1. e4 e5 2. Nf3 Nc6 3. Bb5 a6 4. Bxc6 dxc6 5. O-O Bg4 6. h3 Bh5 7. d3 f6 8. Be3
Bd6 9. Nbd2 Ne7 10. d4 exd4 11. Bxd4 Bf4 12. Bc3 Bxd2 13. Qxd2 Bxf3 14. gxf3
O-O 15. Qxd8 Raxd8 16. Bb4 Rfe8 17. Rad1 Ng6 18. Kh2 Kf7 19. b3 Nf4 20. Rfe1 h5
21. Bd2 Ng6 22. f4 Rd4 23. f5 Nh4 24. Be3 Rdxe4 25. Rd7+ R8e7 26. Red1 Nxf5 27.
Bc5 Nd6 28. Rxe7+ Kxe7 29. Rd2 b6 30. Ba3 Ke6 31. f3 Re5 32. Bb2 Rg5 33. Re2+
Kf7 34. f4 Rd5 35. c4 Rd3 36. c5 bxc5 37. Ba3 c4 38. bxc4 Rxa3 0-1

[Event "Scottish International Open"]
[Site "Edinburgh, Scotland"]
[Date "2015.07.17"]
[Round "7"]
[White "Bhopal, Raj"]
[Black "Olson, Hamish"]
[Result "0-1"]
[WhiteElo "2006"]
[BlackElo "2079"]
[PlyCount "60"]
[EventDate "2015.??.??"]
[WhiteClock "0:02:14"]
[BlackClock "0:02:37"]

1. Nf3 b5 2. d4 Bb7 3. Bf4 e6 4. e3 a6 5. Nbd2 c5 6. dxc5 Bxc5 7. Nb3 Be7 8. a4
b4 9. a5 Nf6 10. Bd6 Ne4 11. Bxe7 Qxe7 12. Qd4 O-O 13. Ne5 Bd5 14. Bd3 f5 15.
f3 d6 16. fxe4 fxe4 17. Be2 dxe5 18. Qc5 Qg5 19. O-O-O Nd7 20. Qxb4 Rfc8 21.
Kb1 Qxg2 22. Nc1 Nc5 23. Rdg1 Qf2 24. Rg3 Rab8 25. Qa3 Qf8 26. Rhg1 Rc7 27. h4
Rcb7 28. b3 Qd6 29. Bxa6 Nxb3 30. Qxd6 Nd2+ 0-1

[Event "Scottish International Open"]
[Site "Edinburgh, Scotland"]
[Date "2015.07.17"]
[Round "7"]
[White "Sreeves, Clement"]
[Black "Gilfillan, Andrew"]
[Result "1-0"]
[WhiteElo "2333"]
[BlackElo "1953"]
[PlyCount "121"]
[EventDate "2015.??.??"]
[WhiteClock "0:02:08"]
[BlackClock "0:01:02"]

1. e4 c5 2. Nf3 Nc6 3. Nc3 g6 4. d4 Bg7 5. Be3 cxd4 6. Nxd4 Nf6 7. Bc4 O-O 8.
Bb3 Qa5 9. f3 d5 10. exd5 Nb4 11. Qd2 Rd8 12. O-O-O e6 13. a3 Nbxd5 14. Nxd5
Qxd2+ 15. Rxd2 Nxd5 16. Ne2 b5 17. Nf4 Bb7 18. Rhd1 Re8 19. Nxd5 exd5 20. Bf4
d4 21. Kb1 Rac8 22. Bg3 a5 23. a4 Bc6 24. Bf2 bxa4 25. Ba2 Bh6 26. Rxd4 a3 27.
Rd6 Ba4 28. b3 Bb5 29. c4 Bc6 30. Re1 Bg7 31. Rxe8+ Bxe8 32. Bb6 Bc3 33. Rd3
Bb4 34. Ka1 Rc6 35. Be3 Re6 36. Bb1 f6 37. Bc2 g5 38. Bd2 Re2 39. Bxb4 axb4 40.
Rd8 Rxc2 41. Rxe8+ Kf7 42. Rb8 Rc1+ 43. Ka2 Rc2+ 44. Ka1 Rxg2 45. h3 Rg3 46.
Rxb4 Rxf3 47. Rb7+ Ke6 48. b4 Rc3 49. Rc7 Kd6 50. Rc8 Rxh3 51. b5 Kd7 52. Rc6
f5 53. c5 Rb3 54. Rd6+ Ke7 55. b6 f4 56. Rh6 f3 57. Rxh7+ Kd8 58. Rg7 f2 59.
Rf7 Rb2 60. b7 g4 61. c6 1-0

[Event "Scottish International Open"]
[Site "Edinburgh, Scotland"]
[Date "2015.07.17"]
[Round "7"]
[White "Ridge, Michael"]
[Black "Orr, Mark J L"]
[Result "1/2-1/2"]
[WhiteElo "1917"]
[BlackElo "2260"]
[PlyCount "47"]
[EventDate "2015.??.??"]
[WhiteClock "0:30:24"]
[BlackClock "0:28:21"]

1. e4 c5 2. Nf3 Nc6 3. d4 cxd4 4. Nxd4 g6 5. c4 Nf6 6. Nc3 d6 7. Be2 Nxd4 8.
Qxd4 Bg7 9. Bg5 O-O 10. Qd2 Be6 11. Rc1 Nd7 12. f3 a5 13. Nd5 Bxd5 14. cxd5 Qb6
15. Be3 Nc5 16. b3 Qb4 17. Rc4 Qxd2+ 18. Kxd2 b6 19. Rc2 f5 20. Bd3 f4 21. Bf2
g5 22. h3 Be5 23. Bb5 Ra7 24. Rb1 1/2-1/2

[Event "Scottish International Open"]
[Site "Edinburgh, Scotland"]
[Date "2015.07.17"]
[Round "7"]
[White "Jelfs, Alan"]
[Black "Schroer, Marcel"]
[Result "0-1"]
[WhiteElo "1889"]
[BlackElo "2183"]
[PlyCount "60"]
[EventDate "2015.??.??"]

1. d4 Nf6 2. c4 g6 3. Nc3 Bg7 4. e4 d6 5. Be2 O-O 6. Be3 e5 7. d5 a5 8. Nf3 Na6
9. Nd2 Nc5 10. a3 Bd7 11. b4 axb4 12. axb4 Rxa1 13. Qxa1 Na6 14. Qa3 Ne8 15. c5
Nb8 16. Qa7 f5 17. f3 Qc8 18. O-O f4 19. Bf2 g5 20. Rc1 Rf6 21. Nb5 dxc5 22.
Bxc5 Ra6 23. Nd6 cxd6 24. Bxa6 Nxa6 25. Nb3 dxc5 26. bxc5 Bf8 27. Qb6 Ba4 28.
c6 bxc6 29. dxc6 Nec7 30. Qb7 Qd8 0-1

[Event "Scottish International Open"]
[Site "Edinburgh, Scotland"]
[Date "2015.07.17"]
[Round "7"]
[White "Stevenson, Jim"]
[Black "Rubio, Luis"]
[Result "1-0"]
[WhiteElo "2028"]
[BlackElo "1826"]
[PlyCount "69"]
[EventDate "2015.??.??"]

1. Nf3 e6 2. c4 Nf6 3. Nc3 Be7 4. e4 d5 5. e5 Ne4 6. cxd5 exd5 7. Nxe4 dxe4 8.
Qa4+ Nc6 9. Qxe4 O-O 10. Bc4 g6 11. d4 Bf5 12. Qf4 Nb4 13. O-O Nd3 14. Qh6 Nxc1
15. Raxc1 Bg4 16. Qe3 h5 17. Qh6 Bf5 18. e6 Bf6 19. exf7+ Rxf7 20. Ne5 Bxe5 21.
dxe5 Qe7 22. Bxf7+ Qxf7 23. Rfd1 Rf8 24. Qe3 Be6 25. a3 h4 26. h3 a6 27. Rd4
Qe7 28. Qh6 g5 29. f4 gxf4 30. Rxf4 Rxf4 31. Qxf4 Qd7 32. Rf1 c6 33. Qf6 Qd4+
34. Kh1 Qd5 35. Qg6+ 1-0

[Event "Scottish International Open"]
[Site "Edinburgh, Scotland"]
[Date "2015.07.17"]
[Round "7"]
[White "Parks, Joe"]
[Black "McAndrew, Robert"]
[Result "1-0"]
[WhiteElo "1897"]
[BlackElo "2016"]
[PlyCount "103"]
[EventDate "2015.??.??"]

1. d4 Nf6 2. g3 e6 3. Bg2 d5 4. Nf3 Be7 5. O-O O-O 6. c4 dxc4 7. Ne5 Nbd7 8.
Nxc4 Rb8 9. Nc3 Nb6 10. Nxb6 axb6 11. e4 Ra8 12. Bf4 Ne8 13. a3 Bd6 14. Be3 c6
15. Rc1 b5 16. d5 e5 17. dxc6 bxc6 18. Na2 Bb7 19. Nb4 Bxb4 20. axb4 Nf6 21.
Bc5 Re8 22. Qe2 Qc8 23. Rfd1 Qe6 24. Rd6 Qb3 25. Rcd1 Ra7 26. R6d2 h6 27. Bh3
Kh7 28. f3 Bc8 29. Bxc8 Rxc8 30. Kg2 Re8 31. Rc2 Qe6 32. Rd6 Qc8 33. Qd3 Ra6
34. Be3 Re6 35. Rd2 g6 36. Qb3 Nd5 37. Rxe6 Nxe3+ 38. Qxe3 Qxe6 39. Qc5 Kg7 40.
Rd6 Qe8 41. f4 f6 42. fxe5 fxe5 43. Qf2 Qe7 44. Qd2 Ra7 45. Rxc6 Rd7 46. Qc3
Rb7 47. Rc5 Kf6 48. Qd3 Rd7 49. Qc3 Rb7 50. Kf2 Rb6 51. Rc7 Qd6 52. Qf3+ 1-0

[Event "Scottish International Open"]
[Site "Edinburgh, Scotland"]
[Date "2015.07.17"]
[Round "7"]
[White "Milton, Carl"]
[Black "Burnett, Walter"]
[Result "0-1"]
[WhiteElo "1777"]
[BlackElo "1983"]
[PlyCount "46"]
[EventDate "2015.??.??"]

1. d4 d5 2. c4 e5 3. dxe5 d4 4. Nf3 Nc6 5. a3 a5 6. b3 Bg4 7. Nbd2 Nge7 8. Bb2
Ng6 9. g3 Ngxe5 10. Bg2 Bc5 11. O-O O-O 12. Nxe5 Nxe5 13. Ne4 Ba7 14. c5 f5 15.
h3 fxe4 16. hxg4 Bxc5 17. Bxe4 Nxg4 18. Qc2 Qg5 19. Qc4+ Kh8 20. Bf3 Ne5 21.
Qb5 c6 22. Qxb7 Ra7 23. Bc1 Qg6 0-1

[Event "Scottish International Open"]
[Site "Edinburgh, Scotland"]
[Date "2015.07.17"]
[Round "7"]
[White "Mollison, Jamie"]
[Black "Doyle, James"]
[Result "1-0"]
[WhiteElo "1888"]
[BlackElo "1962"]
[PlyCount "103"]
[EventDate "2015.??.??"]

1. b3 d5 2. Bb2 Bf5 3. Nf3 Nd7 4. g3 c6 5. Bg2 Qc7 6. d3 e5 7. O-O Ngf6 8. c4
d4 9. Na3 Be7 10. Nc2 O-O 11. b4 a5 12. a3 Nb6 13. b5 cxb5 14. cxb5 Na4 15.
Bxd4 exd4 16. Ncxd4 Nc3 17. Qb3 Bg6 18. Rfc1 Rac8 19. Rc2 a4 20. Qb2 Nxe2+ 21.
Rxe2 Bxd3 22. Re3 Bg6 23. b6 Qd8 24. Qb5 Bc5 25. Qxa4 Ra8 26. Qc4 Bxb6 27. Rb3
Be4 28. Rb5 Bd5 29. Qb4 Ba5 30. Qb2 Rc8 31. Rc1 Rxc1+ 32. Qxc1 b6 33. Nb3 Qd7
34. Qf1 Bc6 35. Re5 Bc3 36. Re3 Nd5 37. Re4 Bb2 38. Ne5 Bxe5 39. Rxe5 Qd6 40.
Qa1 f6 41. Re2 Ra8 42. Rd2 Rd8 43. Qd1 Kf8 44. Nd4 Ba8 45. Nf5 Qxa3 46. Bxd5
Rc8 47. Qe2 Re8 48. Ne3 Bxd5 49. Rxd5 Qb3 50. Qd3 Qa2 51. Rd8 Qa1+ 52. Kg2 1-0

[Event "Scottish International Open"]
[Site "Edinburgh, Scotland"]
[Date "2015.07.17"]
[Round "7"]
[White "Smith, Stephen H"]
[Black "Burnett, Andrew"]
[Result "0-1"]
[WhiteElo "1803"]
[BlackElo "2249"]
[PlyCount "106"]
[EventDate "2015.??.??"]

1. e4 c5 2. Nc3 Nc6 3. f4 e6 4. Nf3 a6 5. d4 cxd4 6. Nxd4 Qc7 7. Be2 b5 8. Bf3
Bb7 9. a3 Rc8 10. Be3 Nxd4 11. Qxd4 Ne7 12. O-O Nc6 13. Qd2 Na5 14. Be2 Nc4 15.
Bxc4 Qxc4 16. Rfd1 Rc7 17. Qd3 Bc5 18. Bxc5 Qxc5+ 19. Qd4 d6 20. g3 Ke7 21.
Qxc5 dxc5 22. Re1 Rd8 23. Re2 Rd4 24. Rae1 b4 25. Nb1 a5 26. axb4 cxb4 27. c3
Rd3 28. Kf2 Ba6 29. Rd2 a4 30. Rxd3 Bxd3 31. cxb4 Bxb1 32. Rxb1 Rc4 33. e5 Rxb4
34. h3 Rb3 35. Ra1 Rxb2+ 36. Kg1 Rb4 37. Kf2 h5 38. h4 g6 39. Ra3 Kd7 40. Rc3
Rb2+ 41. Kg1 Rb3 42. Rc4 Rxg3+ 43. Kh2 Rg4 44. Rxa4 Rxh4+ 45. Kg3 Rg4+ 46. Kf3
Rg1 47. Ra7+ Ke8 48. Ra8+ Ke7 49. Kf2 Rb1 50. Kg3 Rb4 51. Rh8 Rb3+ 52. Kh4 Rf3
53. Kg5 Rg3+ 0-1

[Event "Scottish International Open"]
[Site "Edinburgh, Scotland"]
[Date "2015.07.17"]
[Round "7"]
[White "Brown, Allan D"]
[Black "Palaniswamy, Raja S"]
[Result "1/2-1/2"]
[WhiteElo "1798"]
[BlackElo "2034"]
[PlyCount "61"]
[EventDate "2015.??.??"]

1. d4 f5 2. c4 e6 3. Nc3 Nf6 4. g3 d5 5. Bg2 c6 6. Nf3 Bd6 7. cxd5 exd5 8. Bg5
h6 9. Bf4 Ne4 10. O-O Bxf4 11. gxf4 Qf6 12. Rc1 Nd7 13. Ne5 g5 14. e3 Nxe5 15.
fxe5 Qg6 16. f3 Nxc3 17. Rxc3 f4 18. e4 Be6 19. Kh1 h5 20. Rg1 g4 21. a3 Kd7
22. Qc2 Rhg8 23. Qc1 Raf8 24. fxg4 dxe4 25. gxh5 Qf5 26. Bh3 Qxh5 27. Bxe6+
Kxe6 28. Rxc6+ Kf5 29. Rxg8 Qf3+ 30. Rg2 bxc6 31. Qxc6 1/2-1/2

[Event "Scottish International Open"]
[Site "Edinburgh, Scotland"]
[Date "2015.07.17"]
[Round "7"]
[White "Giacometto, Mario"]
[Black "Jennings, Richard"]
[Result "1/2-1/2"]
[WhiteElo "1952"]
[BlackElo "1767"]
[PlyCount "83"]
[EventDate "2015.??.??"]

1. e4 Nf6 2. e5 Nd5 3. c4 Nb6 4. c5 Nd5 5. Nc3 Nxc3 6. dxc3 e6 7. Qg4 f5 8. Qg3
b6 9. Be2 g6 10. Bf3 c6 11. Bg5 Be7 12. h4 bxc5 13. Ne2 Ba6 14. O-O-O Bxe2 15.
Bxe2 a5 16. Rd6 a4 17. Rhd1 Bxg5+ 18. hxg5 Qe7 19. f4 h6 20. gxh6 Rxh6 21. Bc4
Qh4 22. Qf3 g5 23. g3 g4 24. Qe3 Qh2 25. R6d2 Qh3 26. Qxc5 Qxg3 27. Qb6 Qxf4
28. Qb7 Qxc4 29. Qxa8 Qb5 30. Rxd7 Rh2 31. b4 Qxe5 32. Rd8+ Kf7 33. Qa7+ Kf6
34. Rf8+ Kg5 35. Rg8+ Kh4 36. Qh7+ Kg3 37. Rd3+ Kg2 38. Rd2+ Kg1 39. Rd1+ Kg2
40. Rd2+ Kh1 41. Rd1+ Kg2 42. Rd2+ 1/2-1/2

[Event "Scottish International Open"]
[Site "Edinburgh, Scotland"]
[Date "2015.07.17"]
[Round "7"]
[White "Van Rossum, Pia"]
[Black "Kynoch, Richard"]
[Result "0-1"]
[WhiteElo "1594"]
[BlackElo "1934"]
[PlyCount "79"]
[EventDate "2015.??.??"]

1. d4 f5 2. g3 e6 3. Bg2 Nf6 4. Nf3 d5 5. O-O Bd6 6. Nbd2 O-O 7. c4 c6 8. Ne5
b6 9. Ndf3 Bb7 10. Ng5 Qe7 11. Ngf3 Ne4 12. h4 c5 13. Bg5 Nxg5 14. Nxg5 Bxe5
15. dxe5 h6 16. Nh3 d4 17. Bxb7 Qxb7 18. f4 Nc6 19. Nf2 Rad8 20. Nd3 Rd7 21.
Qd2 g6 22. Rf2 Rfd8 23. Rff1 Rg7 24. Kf2 Qc7 25. Rh1 Kf7 26. Rag1 Ne7 27. b3
Qc6 28. Rh2 Ng8 29. h5 Ne7 30. hxg6+ Rxg6 31. g4 fxg4 32. f5 Nxf5 33. Qf4 g3+
34. Rxg3 Rxg3 35. Ke1 Rdg8 36. Rxh6 Qg2 37. Rf6+ Ke7 38. Rxf5 exf5 39. Qxf5
Qg1+ 40. Kd2 0-1

[Event "Scottish International Open"]
[Site "Edinburgh, Scotland"]
[Date "2015.07.17"]
[Round "7"]
[White "Gillies, Alex"]
[Black "Heron, Donald"]
[Result "0-1"]
[WhiteElo "1908"]
[BlackElo "1714"]
[PlyCount "148"]
[EventDate "2015.??.??"]

1. d4 e6 2. g3 d5 3. Bg2 Nf6 4. Nf3 c5 5. O-O cxd4 6. Nxd4 Nc6 7. Nxc6 bxc6 8.
c4 Be7 9. Nc3 O-O 10. Bf4 Ba6 11. Qa4 Qb6 12. b3 Rac8 13. Rac1 Rfd8 14. Nd1 Nd7
15. Bd2 Nc5 16. Qa5 Nb7 17. Qa4 dxc4 18. Be3 Qa5 19. Qxa5 Nxa5 20. Bxa7 Rd2 21.
Bb6 Bb4 22. a3 Nxb3 23. Rb1 Bxa3 24. Be3 Rxe2 25. Bf3 Rxe3 26. fxe3 Nd2 27. Rb6
Bb5 28. Rf2 Nxf3+ 29. Rxf3 Bb4 30. Rf2 Rd8 31. Rf1 f6 32. Nf2 Bc5 33. Rb7 Bxe3
34. Re1 Bxf2+ 35. Kxf2 e5 36. Ra1 Kh8 37. Raa7 Rg8 38. g4 h6 39. Ke3 Kh7 40. h3
Kg6 41. Re7 c3 42. Ra3 Bf1 43. h4 Bh3 44. Kf3 c2 45. Rc3 h5 46. gxh5+ Kxh5 47.
Rc7 Bf5 48. Rc4 Kh6 49. R4xc6 Rd8 50. Ke2 Rd4 51. Re7 Rd1 52. Rec7 Rh1 53. Rc4
Kh5 54. Kd2 Rd1+ 55. Ke3 Bd3 56. R4c5 Kxh4 57. Rxg7 c1=Q+ 58. Rxc1 Rxc1 59.
Kxd3 Rf1 60. Ke4 Rf4+ 61. Ke3 Rg4 62. Rh7+ Kg5 63. Rg7+ Kf5 64. Rf7 Rg3+ 65.
Kf2 Ra3 66. Rf8 e4 67. Rb8 Kf4 68. Rb2 f5 69. Ke2 Rh3 70. Rb8 Rh2+ 71. Kf1 Kf3
72. Kg1 Rg2+ 73. Kf1 e3 74. Re8 Rb2 0-1

[Event "Scottish International Open"]
[Site "Edinburgh, Scotland"]
[Date "2015.07.17"]
[Round "7"]
[White "Shafi, Declan"]
[Black "Gray, Euan"]
[Result "1-0"]
[WhiteElo "1908"]
[BlackElo "1629"]
[PlyCount "73"]
[EventDate "2015.??.??"]

1. d4 f5 2. Bg5 h6 3. Bh4 g5 4. e3 Nf6 5. Bg3 d6 6. h4 g4 7. h5 Be6 8. Bd3 Qd7
9. Ne2 Bf7 10. Nf4 Nc6 11. Nc3 Rg8 12. Bb5 a6 13. Ba4 d5 14. Qd2 e6 15. Nd3 b5
16. Ne5 Nxe5 17. Bxe5 Nxh5 18. Bb3 Qe7 19. Ne2 Kd7 20. a4 b4 21. Rc1 Nf6 22. c4
Ne4 23. Qc2 c5 24. cxd5 exd5 25. f3 gxf3 26. gxf3 Ng5 27. Qxf5+ Be6 28. Qf4 c4
29. Bc2 Bg7 30. Bxg7 Qxg7 31. Qg3 Qf6 32. f4 Nf7 33. Qh2 Rae8 34. Kf2 Bg4 35.
Rce1 Ng5 36. Qh4 Rh8 37. Qxg4+ 1-0

[Event "Scottish International Open"]
[Site "Edinburgh, Scotland"]
[Date "2015.07.17"]
[Round "7"]
[White "Graham, Alan"]
[Black "Durno, Joy"]
[Result "0-1"]
[WhiteElo "1739"]
[BlackElo "1886"]
[PlyCount "125"]
[EventDate "2015.??.??"]

1. d4 Nf6 2. Nf3 e6 3. Bf4 c5 4. e3 b6 5. Bd3 Bb7 6. Nbd2 Be7 7. c3 Nh5 8. Bg3
d6 9. O-O Nxg3 10. hxg3 O-O 11. Qe2 Nc6 12. a4 cxd4 13. exd4 Re8 14. Qe4 g6 15.
Bb5 Qc7 16. Qf4 a6 17. Bc4 Qd8 18. Ne4 d5 19. Neg5 Bf6 20. Qh4 h5 21. Bb3 Kg7
22. Qf4 Ra7 23. Nh3 Bc8 24. Rfe1 Na5 25. Bc2 Rc7 26. Ne5 Nc4 27. Nxc4 Rxc4 28.
Bd3 Rc7 29. Qd2 Bb7 30. f4 Qc8 31. Nf2 Bc6 32. Bc2 b5 33. Nd3 Qb8 34. a5 Be7
35. Ne5 Bd6 36. Qd3 b4 37. Nxc6 Rxc6 38. Reb1 Rec8 39. Ba4 Rc4 40. Bb3 R4c6 41.
Ba4 Rc4 42. Bb3 R4c7 43. Ba4 Qa7 44. Rc1 bxc3 45. Rxc3 Bb4 46. Rxc7 Rxc7 47.
Bb3 Qb7 48. Qe3 Rc8 49. Kh2 Qb5 50. Bd1 Bxa5 51. Be2 Qb6 52. b4 Qxb4 53. Bxa6
Rc6 54. Qe2 Bd8 55. Bd3 Qxd4 56. Rd1 Qc3 57. Bb5 Rc5 58. Rd3 Qb4 59. Bd7 Bf6
60. Qd1 Ra5 61. f5 Ra1 62. Qf3 Qe1 63. Kh3 0-1

[Event "Scottish International Open"]
[Site "Edinburgh, Scotland"]
[Date "2015.07.17"]
[Round "7"]
[White "Underwood, James Robert"]
[Black "Campbell, Eoin"]
[Result "1-0"]
[WhiteElo "1534"]
[BlackElo "1839"]
[PlyCount "63"]
[EventDate "2015.??.??"]

1. c4 g6 2. Nc3 Bg7 3. g3 Nf6 4. Bg2 O-O 5. e4 d6 6. Nge2 e5 7. O-O Be6 8. d3
Qd7 9. Nd5 Nh5 10. f4 f5 11. Rb1 Nc6 12. b4 Rae8 13. b5 Nd4 14. Nxd4 exd4 15.
Qa4 fxe4 16. Bxe4 Bh3 17. Re1 Qg4 18. Qd1 Rxe4 19. dxe4 Qxd1 20. Rxd1 Re8 21.
Re1 Bf5 22. Nxc7 Rxe4 23. Bd2 d3 24. Rxe4 Bxe4 25. Nd5 Bxd5 26. cxd5 Bd4+ 27.
Kf1 Nf6 28. Rb3 Ne4 29. Rxd3 Nxd2+ 30. Rxd2 Bc5 31. Ke2 Kf7 32. Kf3 1-0

[Event "Scottish International Open"]
[Site "Edinburgh, Scotland"]
[Date "2015.07.17"]
[Round "7"]
[White "D'Costa, Leston"]
[Black "Aitchison, A Keith"]
[Result "0-1"]
[WhiteElo "1515"]
[BlackElo "1837"]
[PlyCount "96"]
[EventDate "2015.??.??"]

1. f4 d5 2. Nf3 c5 3. e3 Nc6 4. d4 Bg4 5. c3 e6 6. Bd3 Nf6 7. O-O Bd6 8. Nbd2
Rc8 9. Qe1 cxd4 10. Nxd4 Nxd4 11. exd4 O-O 12. Nf3 Bf5 13. Qe2 Bxd3 14. Qxd3
Ne4 15. Nd2 f5 16. Nxe4 fxe4 17. Qh3 Rf5 18. Be3 Qc7 19. Rf2 Rcf8 20. Raf1 b5
21. g4 R5f6 22. f5 exf5 23. Rxf5 Rxf5 24. gxf5 Be7 25. Qg4 Bf6 26. Bg5 Qe7 27.
h4 Kh8 28. Kf2 g6 29. Ke3 Bxg5+ 30. hxg5 Qd7 31. Qf4 Rxf5 32. Qb8+ Kg7 33. Rxf5
gxf5 34. Qe5+ Kg8 35. Kf4 a6 36. Qf6 Qc7+ 37. Kxf5 Qf7 38. Kf4 Qxf6+ 39. gxf6
Kf7 40. b3 Kxf6 41. c4 dxc4 42. bxc4 bxc4 43. Kxe4 h5 44. d5 h4 45. Kd4 h3 46.
Kxc4 h2 47. d6 Ke6 48. Kc5 h1=Q 0-1

[Event "Scottish International Open"]
[Site "Edinburgh, Scotland"]
[Date "2015.07.17"]
[Round "7"]
[White "Begg, David"]
[Black "Paul, Rabindra"]
[Result "1-0"]
[WhiteElo "1706"]
[BlackElo "1822"]
[PlyCount "65"]
[EventDate "2015.??.??"]

1. d4 d6 2. e4 g6 3. Nc3 Bg7 4. Be3 Nf6 5. Qd2 Ng4 6. Bg5 h6 7. Bh4 Nd7 8. f3
g5 9. Bg3 Ngf6 10. Bc4 Nh5 11. Nge2 c5 12. Bf2 cxd4 13. Bxd4 Ne5 14. Bb3 O-O
15. h4 Nf4 16. Nxf4 gxf4 17. Qxf4 Ng6 18. Qd2 e5 19. Be3 h5 20. O-O-O Qa5 21.
Qxd6 Kh7 22. Kb1 Be6 23. Bxe6 fxe6 24. Qxe6 Rf6 25. Qd7 Raf8 26. Rd5 Qa6 27.
Qb5 Qe6 28. Bg5 R6f7 29. Rhd1 a6 30. Qb3 Bf6 31. Rd6 Qe7 32. Rxf6 Rxf6 33. Nd5
1-0

[Event "Scottish International Open"]
[Site "Edinburgh, Scotland"]
[Date "2015.07.17"]
[Round "7"]
[White "Moreby, James"]
[Black "Nisbet, Charles"]
[Result "1/2-1/2"]
[WhiteElo "1997"]
[BlackElo "1636"]
[PlyCount "99"]
[EventDate "2015.??.??"]

1. e4 Nf6 2. e5 Nd5 3. d4 d6 4. Nf3 dxe5 5. Nxe5 c6 6. Bc4 Nd7 7. O-O Nxe5 8.
dxe5 Bf5 9. Qe2 e6 10. Rd1 Qc7 11. Bd3 Bxd3 12. Rxd3 O-O-O 13. Nc3 Be7 14. Nxd5
Rxd5 15. Rxd5 cxd5 16. Bf4 g5 17. Bg3 h5 18. h3 Kb8 19. Rc1 h4 20. Bh2 Qc4 21.
Qf3 Rf8 22. a3 Qb5 23. Rb1 Qc4 24. Rc1 Qb5 25. Qb3 Qxb3 26. cxb3 Rc8 27. Rxc8+
Kxc8 28. b4 Kc7 29. Kf1 Kc6 30. Ke2 b5 31. Kd3 a6 32. f3 Bf8 33. Bg1 Bg7 34.
Bd4 Kd7 35. Bc3 Bf8 36. Ke3 Bh6 37. Kf2 Ke7 38. Ke3 Kd7 39. b3 Kc7 40. Kd4 Kc6
41. Bd2 Kb6 42. Be3 Kc6 43. Kd3 Kd7 44. Ke2 Ke7 45. Bd4 Bg7 46. Bc5+ Kd7 47.
Bd4 Ke7 48. Bc5+ Kd7 49. Bd4 Ke7 50. Bc5+ 1/2-1/2